| 000 | 00972nam a2200277Ia 4500 | ||
|---|---|---|---|
| 001 | Para_3085 | ||
| 003 | CHAP | ||
| 008 | 220125s1969 xx 000 0 und d | ||
| 010 | _a201479 | ||
| 040 | _cCHAP | ||
| 090 | _aPA TESIS 318 | ||
| 100 |
_aSosa Cedillo, Ernesto R. _9108792 |
||
| 245 |
_aAlgunos factores sociales que determinan el uso de parasiticidas agrícolas, en una región del estado de Jalisco / _c Ernesto R. Sosa Cedillo |
||
| 260 |
_aChapingo, Méx. : _b El autor |
||
| 300 | _a63 h. | ||
| 502 | _aTesis (Ing. Agr. Esp. en Parasitología Agrícola) -- ENA. Departamento de Parasitología Agrícola | ||
| 650 |
_aParasiticidas _x Aplicación Extensión agrícola _x Jalisco _9166403 |
||
| 710 |
_aENA. Departamento de Parasitologia Agricola _936701 |
||
| 901 | _aPA TESIS 318 | ||
| 902 | _aA | ||
| 905 | _a0000001969 CHAa 0000000000 00 | ||
| 910 | _a1969 | ||
| 942 | _cPARA | ||
| 942 |
_cPARA _d1 |
||
| 999 |
_c201479 _d201479 |
||